Electromagnetics for engineers / (Record no. 2481)

000 -LEADER
fixed length control field 00594nam a22002057a 4500
001 - CONTROL NUMBER
control field 2481
003 - CONTROL NUMBER IDENTIFIER
control field BD-DhUET
008 - FIXED-LENGTH DATA ELEMENTS--GENERAL INFORMATION
fixed length control field 050726s2005 njua b 001 0 eng d
020 ## - INTERNATIONAL STANDARD BOOK NUMBER
International Standard Book Number 9788131709740
040 ## - CATALOGING SOURCE
Original cataloging agency MIA
Transcribing agency MIA
Modifying agency BD-DhUET
082 00 - DEWEY DECIMAL CLASSIFICATION NUMBER
Classification number 537.10262
Item number ULA/2005
100 1# - MAIN ENTRY--PERSONAL NAME
Personal name Ulaby, Fawwaz T.
245 10 - TITLE STATEMENT
Title Electromagnetics for engineers /
Statement of responsibility, etc. by Fawwaz T. Ulaby.
250 ## - EDITION STATEMENT
Edition statement 1st ed.
260 ## - PUBLICATION, DISTRIBUTION, ETC. (IMPRINT)
Place of publication, distribution, etc. New Delhi:
Name of publisher, distributor, etc. Pearson Education,
Date of publication, distribution, etc. 2005.
300 ## - PHYSICAL DESCRIPTION
Extent xii,383p.+various paging.
Other physical details ill. ;
Dimensions 25 cm. +
504 ## - BIBLIOGRAPHY, ETC. NOTE
Bibliography, etc Includes bibliographies
650 #0 - SUBJECT ADDED ENTRY--TOPICAL TERM
Topical term or geographic name as entry element Electromagnetism-Engineers
942 ## - ADDED ENTRY ELEMENTS (KOHA)
Koha item type General Book
Holdings
Piece designation (barcode) Copy number Koha issues (times borrowed) Shelving location Damaged status Koha normalized classification for sorting Koha date last borrowed Koha full call number Withdrawn status Source of classification or shelving scheme Koha date last seen Sublocation or collection (holding branch) Date acquired Lost status Price effective from Location (home branch) Koha item type Not for loan
11080112Circulation section 537_000000000000000_10262ULA202018-11-11537.10262/ULA/2005  2018-11-25Central Library, BUET2014-09-23 2014-09-23Central Library, BUETGeneral Book